EDV-Aspekte

Salvato in:
Dettagli Bibliografici
Natura: Periodico
Pubblicazione: 1986
Tags: Aggiungi Tag
Nessun Tag, puoi essere il primo ad aggiungerne!!

MARC

LEADER 00000nas a22000003a 4500
001 stu65892
005 20141121201238.8
008 011106s1986----------------------------d
040 |a STU  |b slo 
041 0
245 |a EDV-Aspekte 
260 |c 1986 
500 |a 1986 
500 |a c-2959 
500 |a 1-4 
500 |a 4 
773 0 |t EDV-Aspekte :  |w stu_us_cat*stu59635  |x 0232-6833  |7 nnas 
996 |c c-2959  |d Roč. 5, 1986  |v Roč. 5  |y 1986  |l II680  |s A  |a 24  |w stu65892_0001